櫻坂46のメンバー - Statistics

General Stats
  • This quiz has been taken 108 times
  • The average score is 31 of 46
Answer Stats
Answer % Correct
2期 山﨑天
94%
2期 森田ひかる
91%
2期 田村保乃
87%
2期 松田里奈
87%
2期 藤吉夏鈴
85%
1期 小池美波
83%
2期 守屋麗奈
83%
1期 渡邉理佐
81%
2期 大園玲
80%
2期 武元唯衣
80%
1期 菅井友香
78%
1期 小林由依
76%
2期 遠藤光莉
76%
1期 齋藤冬優花
74%
2期 井上梨名
74%
2期 増本綺良
74%
3期 村井優
74%
3期 山下瞳月
72%
1期 原田葵
70%
1期 守屋茜
70%
1期 渡辺梨加
70%
2期 大沼晶保
70%
3期 遠藤理子
70%
3期 小島凪紗
70%
3期 村山美羽
69%
1期 上村莉菜
67%
2期 幸阪茉里乃
67%
3期 小田倉麗奈
67%
3期 的野美青
67%
3期 石森璃花
65%
3期 中嶋優月
65%
1期 土生瑞穂
59%
2期 松平璃子
59%
3期 谷口愛季
57%
2期 関有美子
56%
4期 目黒陽色
56%
3期 向井純葉
54%
4期 勝又春
52%
1期 尾関梨香
48%
4期 稲熊ひな
48%
4期 松本和子
46%
4期 山川宇衣
46%
4期 佐藤愛桜
44%
4期 山田桃実
44%
4期 浅井恋乃未
41%
4期 中川智尋
41%
No matching quizzes found
Score Distribution
Percent of People with Each Score
Percentile by Number Answered
Your Score History
You have not taken this quiz